Математическое моделирование процесса теплового воздействия на кожную поверхность человека; Медицинская техника; № 1

Bibliographische Detailangaben
Parent link:Медицинская техника=Biomedical Engineering: научно-технический журнал.— , 1976-.— 0025-8075
№ 1.— 2002.— С. 19-21
1. Verfasser: Тимошенко Д. А.
Weitere Verfasser: Тимошенко Д. Д., Головушкин А. А.
Sprache:Russisch
Veröffentlicht: 2002
Schriftenreihe:Исследования, конструирование и технология
Schlagworte:
Format: Buchkapitel
KOHA link:https://koha.lib.tpu.ru/cgi-bin/koha/opac-detail.pl?biblionumber=381718

MARC

LEADER 00000naa2a2200000 4500
001 381718
005 20231101062849.0
035 |a (RuTPU)RU\TPU\prd\4615 
090 |a 381718 
100 |a 20020611a2002 k y0rusy50 ca 
101 0 |a rus 
102 |a RU 
200 1 |a Математическое моделирование процесса теплового воздействия на кожную поверхность человека  |f Д. А. Тимошенко, Д. Д. Тимошенко, А. А. Головушкин 
225 1 |a Исследования, конструирование и технология 
320 |a Библиогр.: 10 назв. 
461 1 |0 (RuTPU)RU\TPU\prd\1623  |x 0025-8075  |t Медицинская техника  |l Biomedical Engineering  |o научно-технический журнал  |d 1976- 
463 1 |0 (RuTPU)RU\TPU\prd\2425  |t № 1  |v С. 19-21  |d 2002 
610 1 |a человек 
610 1 |a кожа 
610 1 |a тепловое воздействие 
610 1 |a математическое моделирование 
675 |a 615.47:612.591:519.86  |v 3 
700 1 |a Тимошенко  |b Д. А. 
701 1 |a Тимошенко  |b Д. Д. 
701 1 |a Головушкин  |b А. А. 
801 1 |a RU  |b 63413507  |c 20020611  |g PSBO 
801 2 |a RU  |b 63413507  |c 20120914  |g PSBO 
942 |c BK